UM Logo

Attitudes from mere co-occurrences are guided by differentiation / (Record no. 20550)

MARC details
000 -LEADER
fixed length control field 01064nam a22002417a 4500
005 - DATE AND TIME OF LATEST TRANSACTION
control field 20250901091759.0
008 - FIXED-LENGTH DATA ELEMENTS--GENERAL INFORMATION
fixed length control field 240816b ||||| |||| 00| 0 eng d
082 ## - DEWEY DECIMAL CLASSIFICATION NUMBER
Classification number DPer 155.205 J826 July-September 2020 v. 119 n. 1-3
100 ## - MAIN ENTRY--PERSONAL NAME
Personal name Alves, Hans.
Relator term author.
9 (RLIN) 58047
245 ## - TITLE STATEMENT
Title Attitudes from mere co-occurrences are guided by differentiation /
Statement of responsibility, etc. Hans Alves, Fabia Hogden, Anne Gast, Frederik Aust, and Christian Unkelbach.
260 ## - PUBLICATION, DISTRIBUTION, ETC. (IMPRINT)
Place of publication, distribution, etc. Washington ;
Name of publisher, distributor, etc. American Psychological Association ,
Date of publication, distribution, etc. September 2020.
300 ## - PHYSICAL DESCRIPTION
Extent Volume 119, pages 560-581 :
Other physical details illustration ;
Dimensions 27 cm.
500 ## - GENERAL NOTE
General note Journal of Personality and Social Psychology , vol. 119, no. 3, pages 560-581, September 2020.
650 ## - SUBJECT ADDED ENTRY--TOPICAL TERM
Topical term or geographic name as entry element Attitude (Psychology).
9 (RLIN) 60960
650 ## - SUBJECT ADDED ENTRY--TOPICAL TERM
Topical term or geographic name as entry element Social Psychology.
9 (RLIN) 60961
650 ## - SUBJECT ADDED ENTRY--TOPICAL TERM
Topical term or geographic name as entry element Individuality.
9 (RLIN) 19964
700 ## - ADDED ENTRY--PERSONAL NAME
Personal name Alves, Hans.
Relator term author.
9 (RLIN) 58047
700 ## - ADDED ENTRY--PERSONAL NAME
Personal name Hogden, Fabia.
Relator term author.
9 (RLIN) 58048
700 ## - ADDED ENTRY--PERSONAL NAME
Personal name Gast, Anne.
Relator term author.
9 (RLIN) 58049
700 ## - ADDED ENTRY--PERSONAL NAME
Personal name Aust, Frederik.
Relator term author.
9 (RLIN) 58050
700 ## - ADDED ENTRY--PERSONAL NAME
Personal name Unkelbach, Christian
Relator term author.
9 (RLIN) 58051
942 ## - ADDED ENTRY ELEMENTS (KOHA)
Source of classification or shelving scheme Dewey Decimal Classification
Koha item type Periodicals
Holdings
Withdrawn status Lost status Source of classification or shelving scheme Damaged status Not for loan Collection code Home library Current library Date acquired Total Checkouts Full call number Date last seen Price effective from Koha item type Public note
    Dewey Decimal Classification     Periodicals UM Digos College - LIC UM Digos College - LIC 08/16/2024   DPer 155.205 J826 July-September 2020 v. 119 n. 1-3 08/16/2024 08/16/2024 Periodicals Periodical Article